Vòng quanh thế giới kỳ lạ

Spremljeno u:
Bibliografski detalji
Glavni autor: Diêu Đại Quân
Format: Knjiga
Jezik:Undetermined
Izdano: Hà Nội Thanh Niên 2000
Teme:
Oznake: Dodaj oznaku
Bez oznaka, Budi prvi tko označuje ovaj zapis!
Thư viện lưu trữ: Trung tâm Học liệu Trường Đại học Cần Thơ
LEADER 00518nam a2200169Ia 4500
001 CTU_37071
008 210402s9999 xx 000 0 und d
082 |a 001 
082 |b Qu121 
100 |a Diêu Đại Quân 
245 0 |a Vòng quanh thế giới kỳ lạ 
245 0 |c Diêu Đại Quân, Hạ Vũ; Dịch giả: Đoàn Mạnh Thế 
260 |a Hà Nội 
260 |b Thanh Niên 
260 |c 2000 
650 |a knowledge,science 
980 |a Trung tâm Học liệu Trường Đại học Cần Thơ